[Event "2nd Gideon Japhet Mem Op"]
[Site "Jerusalem ISR"]
[Date "2014.07.22"]
[Round "7.19"]
[White "Parkhov, Yair"]
[Black "Poleg, Matan"]
[Result "1-0"]
[WhiteElo "1935"]
[BlackElo "2157"]
[WhiteFideId "2813408"]
[BlackFideId "2811472"]
[EventDate "2014.07.16"]

1. d4 Nf6 2. c4 e6 3. Nf3 b6 4. g3 Bb4+ 5. Nbd2 Bb7 6. Bg2 c5 7. O-O cxd4 8. a3
Be7 9. b3 d6 10. Nxd4 Bxg2 11. Kxg2 O-O 12. Bb2 Qc7 13. e4 Nbd7 14. Rc1 Qb7 15.
Qe2 Rac8 16. f3 Rfe8 17. Rfd1 Qb8 18. Nf1 Bf8 19. Qd2 a6 20. Ne3 Nc5 21. b4 Na4
22. Ba1 Qb7 23. Nb3 Be7 24. h4 Red8 25. Nd4 Rd7 26. Rc2 Bf8 27. Qd3 Rcd8 28.
Rdc1 Nc5 29. Qe2 Na4 30. Kh3 Ne8 31. Kg2 Nc7 32. h5 Ra8 33. h6 g6 34. Rh1 Ne8
35. Nb3 Rc8 36. Qd3 Be7 37. Ng4 Rdc7 38. Rhc1 b5 39. Na5 Qb6 40. cxb5 Qxb5 41.
Rxc7 Rxc7 42. Qxb5 axb5 43. Rxc7 Nxc7 44. Nc6 Bg5 45. Bf6 Bc1 46. Bg7 Bg5 47.
Bf6 Bc1 48. f4 Ne8 49. e5 dxe5 50. fxe5 Nb6 51. Bg7 Nd5 52. Nf6+ Nexf6 53. exf6
Bg5 54. Kf3 Bxf6 55. Bxf6 Nxf6 56. Nd4 Kf8 57. Nxb5 Ke7 58. Nc3 Ng8 59. a4 Nxh6
60. a5 Kd7 61. b5 Nf5 62. g4 Nd6 63. g5 Kc7 64. Kf4 Nc4 65. a6 Kb6 66. Ke4 Nd2+
67. Ke5 Nf3+ 68. Kd6 Nd4 69. a7 Kxa7 70. Kc7 Nxb5+ 71. Nxb5+ Ka6 72. Nd6 e5 73.
Kc6 Ka7 74. Kd5 Kb6 75. Kxe5 Kc6 76. Nxf7 1-0

[Event "2nd Gideon Japhet Mem Op"]
[Site "Jerusalem ISR"]
[Date "2014.07.22"]
[Round "7.20"]
[White "Iskhakabeev, Alon"]
[Black "Shimonovich, Yoav"]
[Result "1/2-1/2"]
[WhiteElo "2008"]
[BlackElo "2102"]
[WhiteFideId "2811901"]
[BlackFideId "2809702"]
[EventDate "2014.07.16"]

1. e4 c5 2. Nf3 d6 3. d4 cxd4 4. Nxd4 Nf6 5. Nc3 a6 6. Be3 e6 7. f3 b5 8. Qd2
Nbd7 9. g4 Nb6 10. h4 b4 11. Nd1 d5 12. e5 Nfd7 13. f4 Nc4 14. Qf2 Nxe3 15. Qxe3
Bc5 16. c3 Qb6 17. Bg2 O-O 18. O-O f6 19. Nf2 fxe5 20. fxe5 a5 21. Nd3 Ba6 22.
Nxc5 Qxc5 23. Rxf8+ Nxf8 24. cxb4 Qxb4 25. Rc1 Rc8 26. Rxc8 Bxc8 27. Nc6 Qb7 28.
Qc5 Bd7 29. Ne7+ Kf7 30. Nxd5 Bc6 31. Qf2+ Ke8 32. Nf4 Bxg2 33. Qxg2 Qb6+ 34.
Qf2 Qc7 1/2-1/2

[Event "2nd Gideon Japhet Mem Op"]
[Site "Jerusalem ISR"]
[Date "2014.07.23"]
[Round "8.1"]
[White "Kaspi, Alexander"]
[Black "Reshef, Omer"]
[Result "1/2-1/2"]
[WhiteTitle "IM"]
[WhiteElo "2438"]
[BlackElo "2275"]
[WhiteFideId "2802910"]
[BlackFideId "2804336"]
[EventDate "2014.07.16"]

1. d4 d5 2. c4 c6 3. Nf3 Nf6 4. e3 Bf5 5. Nc3 e6 6. Qb3 Qc7 7. Bd2 Nbd7 8. Be2
Be7 9. O-O O-O 10. Rfc1 Rac8 11. h3 h6 12. a4 dxc4 13. Bxc4 Ne4 14. Be1 c5 15.
d5 Nxc3 16. Bxc3 exd5 17. Bxd5 Nb6 18. Ba5 Bd7 19. Nd2 Qd6 20. Bxb6 axb6 21. Rd1
b5 22. axb5 Qb6 23. Ne4 Qxb5 24. Qxb5 Bxb5 25. Bxb7 Rc7 26. Bd5 Rb8 27. Rd2 Kf8
28. b3 Bd7 29. Rda2 f5 30. Ra8 Rcc8 31. Rxb8 Rxb8 32. Nd2 Bf6 33. Ra7 Be8 34.
Bc4 Rd8 35. Nf1 Rd7 36. Rxd7 Bxd7 37. f3 g5 38. f4 gxf4 39. exf4 Bd4+ 40. Kh2
Bf2 41. Ng3 Ke7 42. Ne2 Bc6 43. Nc3 Bd4 44. Nd1 Be4 45. Kg3 Kf6 46. Nf2 Bc6 47.
Nd3 Be4 48. Nc1 Be3 49. Ne2 Bc6 50. Nc3 Bd2 51. Bd5 Bxc3 52. Bxc6 Be1+ 53. Kf3
Bd2 54. Bd7 Bc1 55. h4 Bd2 56. h5 Bc1 57. g3 Bd2 58. Ke2 Bc3 59. Kd3 Be1 60. g4
fxg4 61. Bxg4 Bg3 62. Kc4 Bf2 63. Kd5 Bg1 64. Ke4 1/2-1/2

[Event "2nd Gideon Japhet Mem Op"]
[Site "Jerusalem ISR"]
[Date "2014.07.23"]
[Round "8.2"]
[White "Battaglini, Gabriel"]
[Black "Huzman, Alexander"]
[Result "1/2-1/2"]
[WhiteTitle "IM"]
[BlackTitle "GM"]
[WhiteElo "2430"]
[BlackElo "2589"]
[WhiteFideId "621650"]
[BlackFideId "2803828"]
[EventDate "2014.07.16"]

1. d4 Nf6 2. c4 g6 3. Nc3 d5 4. cxd5 Nxd5 5. e4 Nxc3 6. bxc3 Bg7 7. Nf3 c5 8.
Rb1 O-O 9. Be2 cxd4 10. cxd4 Qa5+ 11. Qd2 Qxd2+ 12. Bxd2 b6 13. O-O Bb7 14. d5
Ba6 15. Bxa6 Nxa6 16. Rfc1 Rfc8 17. Be3 Kf8 18. Kf1 Ke8 19. Ke2 h6 20. a4 Kd7
21. g4 e6 22. dxe6+ Kxe6 23. Nd4+ Bxd4 24. Bxd4 g5 25. h4 f6 26. hxg5 hxg5 27.
f4 gxf4 28. Kf3 Nc5 29. a5 Nb3 30. Rxb3 Rxc1 31. axb6 Rb8 1/2-1/2

[Event "2nd Gideon Japhet Mem Op"]
[Site "Jerusalem ISR"]
[Date "2014.07.23"]
[Round "8.3"]
[White "Gruenfeld, Yehuda"]
[Black "Aharon, Ofir"]
[Result "1/2-1/2"]
[WhiteTitle "GM"]
[BlackTitle "FM"]
[WhiteElo "2449"]
[BlackElo "2367"]
[WhiteFideId "2800020"]
[BlackFideId "2800683"]
[EventDate "2014.07.16"]

1. e4 c5 2. Nf3 Nc6 3. d4 cxd4 4. Nxd4 g6 5. c4 Nf6 6. Nc3 d6 7. Be2 Nxd4 8.
Qxd4 Bg7 9. Be3 O-O 10. Qd2 a5 11. f3 a4 12. Rc1 Qa5 13. Rc2 Be6 14. Nd5 Nxd5
15. cxd5 Rfc8 16. Qxa5 Rxa5 17. Kd2 Rxc2+ 18. Kxc2 Bd7 19. Rc1 e6 20. Kb1 exd5
21. Rc7 Be6 22. Rxb7 Ra8 23. Bd3 dxe4 24. Bxe4 d5 25. Bd3 Be5 26. f4 Bf6 27. g3
h5 28. a3 Re8 29. Kc1 Bc8 30. Rb8 Rxe3 31. Rxc8+ Kg7 32. Kd2 Re7 33. Rb8 Bd4 34.
Rb4 Bg1 35. h3 Bf2 36. Rxa4 Bxg3 37. Rd4 Kf6 38. Rxd5 Bxf4+ 39. Kd1 Re3 40. Bc4
Rxh3 41. Rd7 Rh1+ 42. Ke2 Bc1 43. Rxf7+ Kg5 44. Bd5 Rh2+ 45. Rf2 Rxf2+ 46. Kxf2
Bxb2 47. Bf7 Bxa3 48. Bxg6 Kxg6 1/2-1/2

[Event "2nd Gideon Japhet Mem Op"]
[Site "Jerusalem ISR"]
[Date "2014.07.23"]
[Round "8.4"]
[White "Soffer, Ram"]
[Black "Zanan, Evgeny"]
[Result "1/2-1/2"]
[WhiteTitle "GM"]
[BlackTitle "FM"]
[WhiteElo "2447"]
[BlackElo "2283"]
[WhiteFideId "2800101"]
[BlackFideId "24101940"]
[EventDate "2014.07.16"]

1. c4 e5 2. Nc3 Nf6 3. Nf3 Nc6 4. g3 d5 5. cxd5 Nxd5 6. Bg2 Nb6 7. O-O Be7 8. a3
O-O 9. b4 Be6 10. Rb1 f6 11. d3 a5 12. b5 Nd4 13. Nd2 Qc8 14. e3 Nf5 15. Qc2 Rd8
16. Re1 Bf8 17. Nce4 Bf7 18. Nb3 Nd6 19. Nc3 Ne8 20. Ne4 Nd6 21. Nxd6 Bxd6 22.
Bd2 a4 23. Na5 Ra7 24. Ra1 Nd5 25. Nc4 Qd7 26. e4 Ne7 27. Be3 Raa8 28. Rab1 Ng6
29. Red1 Bf8 30. Bf1 Be6 31. Qc3 Qf7 32. Be2 f5 33. exf5 Qxf5 34. f3 Bd5 35. Nd2
Qf7 36. Rdc1 Kh8 37. Ra1 c6 38. b6 Ne7 39. Ne4 Nf5 40. Bf2 Nd4 41. Bxd4 exd4 42.
Qd2 Re8 43. Re1 Ra6 44. Bd1 Rxb6 45. f4 h6 46. Qf2 Rb5 47. Kh1 Ra5 48. Qxd4 Qf6
49. Qxf6 gxf6 50. f5 Bd6 51. Kg1 Bc5+ 52. Kf1 Bd4 53. Rb1 b5 54. Bf3 c5 55. Nd6
Rxe1+ 56. Rxe1 Bxf3 57. Re8+ 1/2-1/2

[Event "2nd Gideon Japhet Mem Op"]
[Site "Jerusalem ISR"]
[Date "2014.07.23"]
[Round "8.5"]
[White "Zisman, Philip"]
[Black "Alexikov, Alexander"]
[Result "0-1"]
[BlackTitle "IM"]
[WhiteElo "2232"]
[BlackElo "2380"]
[WhiteFideId "2805197"]
[BlackFideId "14103958"]
[EventDate "2014.07.16"]

1. d4 Nf6 2. Bg5 e6 3. e4 h6 4. Bxf6 Qxf6 5. Nc3 d6 6. Qd2 g5 7. h4 Be7 8. hxg5
hxg5 9. Rxh8+ Qxh8 10. O-O-O a6 11. Kb1 Nd7 12. Nge2 c5 13. dxc5 Nxc5 14. Nd4
Bd7 15. g3 Bc6 16. Bg2 g4 17. Rh1 Qg7 18. Qe3 Bg5 0-1

[Event "2nd Gideon Japhet Mem Op"]
[Site "Jerusalem ISR"]
[Date "2014.07.23"]
[Round "8.6"]
[White "Birnboim, Nathan"]
[Black "Kobo, Ori"]
[Result "0-1"]
[WhiteTitle "IM"]
[BlackTitle "FM"]
[WhiteElo "2335"]
[BlackElo "2308"]
[WhiteFideId "2800209"]
[BlackFideId "2812320"]
[EventDate "2014.07.16"]

1. Nf3 g6 2. e4 Bg7 3. d4 d6 4. Nc3 Nf6 5. g3 O-O 6. Bg2 Bg4 7. h3 Bxf3 8. Bxf3
e5 9. d5 Nbd7 10. Bg5 h6 11. Be3 Kh7 12. h4 h5 13. Bg5 Qc8 14. Qe2 Rh8 15. O-O-O
Bh6 16. g4 hxg4 17. Bxg4 Nxg4 18. Qxg4 Kg7 19. f4 exf4 20. Qxf4 Qd8 21. Rdf1
Bxg5 22. hxg5 Qe7 23. Nb5 a6 24. Nxc7 Rac8 25. e5 Nxe5 26. Rxh8 Rxh8 27. Qf6+
Qxf6 28. gxf6+ Kf8 29. b3 g5 30. Kd2 Rh2+ 31. Ke3 Rxc2 32. Ne6+ fxe6 33. dxe6
Ng4+ 34. Ke4 Rc5 0-1

[Event "2nd Gideon Japhet Mem Op"]
[Site "Jerusalem ISR"]
[Date "2014.07.23"]
[Round "8.7"]
[White "Haimovich, Tal"]
[Black "Grinberg, Eyal"]
[Result "1-0"]
[WhiteTitle "IM"]
[WhiteElo "2369"]
[BlackElo "2201"]
[WhiteFideId "2801698"]
[BlackFideId "2806070"]
[EventDate "2014.07.16"]

1. e4 c5 2. Nf3 d6 3. d4 cxd4 4. Nxd4 Nf6 5. Nc3 a6 6. f4 e5 7. Nf3 Qc7 8. Bd3
Nbd7 9. a4 Be7 10. O-O O-O 11. Kh1 Re8 12. Qe1 exf4 13. Bxf4 Nc5 14. b4 Nxd3 15.
cxd3 Be6 16. a5 b5 17. Rc1 Qb7 18. Ne2 Rac8 19. Ned4 Rxc1 20. Bxc1 Nd7 21. Bb2
Bf6 22. Qg3 Be5 23. Qf2 Bf6 24. h3 Ne5 25. Nxe5 Bxe5 26. Nf3 Bc8 27. Ng5 Be6 28.
Rc1 Rc8 29. Rxc8+ Qxc8 30. Bxe5 dxe5 31. Nf3 f6 32. Kh2 Qc6 33. Qb6 Qc8 34. d4
exd4 35. Nxd4 Kf7 36. Nc6 Qd7 37. e5 Bd5 38. Nb8 Qf5 39. Qd4 Bb7 40. exf6 gxf6
41. h4 Ke8 42. Qe3+ Qe5+ 43. Qxe5+ fxe5 44. g4 Kd8 45. g5 Kc7 46. Nxa6+ Bxa6 47.
h5 Bb7 48. g6 h6 49. Kg3 Be4 50. Kf2 Kd6 51. Ke3 Bd5 52. Kf2 Ke7 53. Kg3 Bb7 54.
Kg4 Kf6 55. Kg3 Bc8 56. Kf3 Ba6 57. Ke4 Bb7+ 58. Ke3 Ke6 59. Kd3 Bf3 60. a6 Kd6
61. g7 Kd5 1-0

[Event "2nd Gideon Japhet Mem Op"]
[Site "Jerusalem ISR"]
[Date "2014.07.23"]
[Round "8.8"]
[White "Gindi, Shachar"]
[Black "Erenberg, Ariel"]
[Result "1-0"]
[WhiteElo "2319"]
[BlackElo "2131"]
[WhiteFideId "2804182"]
[BlackFideId "2811634"]
[EventDate "2014.07.16"]

1. c4 c5 2. Nf3 Nc6 3. d4 cxd4 4. Nxd4 Nf6 5. Nc3 e6 6. g3 Bc5 7. Nb3 Be7 8. Bg2
O-O 9. O-O b6 10. Nd4 Bb7 11. Bf4 a6 12. Rc1 Ra7 13. Nxc6 Bxc6 14. Nd5 exd5 15.
cxd5 g5 16. Be5 Ba8 17. d6 Bxg2 18. dxe7 Qxe7 19. Bd6 Qe4 20. f3 Qe6 21. Qd2 Re8
22. Kxg2 Qxe2+ 23. Qxe2 Rxe2+ 24. Rf2 Re8 25. Rfc2 Raa8 26. Kf2 Kg7 27. b3 Re6
28. Ba3 Rae8 29. Bb2 Kg6 30. Rd1 d6 31. g4 Rd8 32. Rcd2 h5 33. h3 h4 34. Ba3 Ne8
35. Rd5 Rc8 36. R1d2 Rc6 37. Kg2 f6 38. Kf2 Kf7 39. Bb2 Rc5 40. R5d3 Ke7 41. Bd4
Rc6 42. f4 gxf4 43. Kf3 Nc7 44. Bf2 Re5 45. Bxh4 Ne6 46. Bf2 Ng5+ 47. Kxf4 Ne4
48. Rb2 Nxf2 49. Rxf2 Ke6 50. Kg3 d5 51. h4 b5 52. Rdf3 Ke7 53. h5 Kf7 54. Rf5
Kg7 55. Rxe5 fxe5 56. g5 d4 57. g6 Kh6 58. Kg4 Rc7 59. Rf8 Kg7 60. Rd8 e4 61.
Rxd4 Re7 62. Kf5 e3 63. h6+ Kxh6 64. Kf6 1-0

[Event "2nd Gideon Japhet Mem Op"]
[Site "Jerusalem ISR"]
[Date "2014.07.23"]
[Round "8.9"]
[White "Axelrod, Arie"]
[Black "Ritvo, Dan"]
[Result "1-0"]
[WhiteTitle "FM"]
[WhiteElo "2285"]
[BlackElo "1877"]
[WhiteFideId "2804867"]
[BlackFideId "2815150"]
[EventDate "2014.07.16"]

1. e4 c5 2. Nf3 g6 3. c4 Bg7 4. d4 cxd4 5. Nxd4 Nc6 6. Be3 Nf6 7. Nc3 d6 8. Be2
h5 9. h3 Qa5 10. O-O g5 11. Nb3 Qe5 12. Nd5 Qxe4 13. Nc7+ Kd8 14. Nxa8 Bxh3 15.
gxh3 Qh4 16. Kg2 Ne5 17. Qd4 Ne4 18. Qxa7 Kd7 19. Nd4 Nc5 20. Nb6+ Kc7 21. Qa5
Qe4+ 22. f3 Qxe3 1-0

[Event "2nd Gideon Japhet Mem Op"]
[Site "Jerusalem ISR"]
[Date "2014.07.23"]
[Round "8.10"]
[White "Bakalchuk, Johnatan"]
[Black "Mindlin, Alon"]
[Result "1-0"]
[WhiteElo "2273"]
[BlackElo "2280"]
[WhiteFideId "2810301"]
[BlackFideId "2800071"]
[EventDate "2014.07.16"]

1. e4 e5 2. Nc3 Nf6 3. f4 d5 4. fxe5 Nxe4 5. Nf3 Bg4 6. Qe2 Nc5 7. d4 Bxf3 8.
Qxf3 Ne6 9. Be3 c6 10. Bd3 Qh4+ 11. g3 Qe7 12. O-O g6 13. Ne2 Bg7 14. Nf4 Nd7
15. h4 Bh6 16. Nxe6 Bxe3+ 17. Qxe3 Qxe6 18. Qf4 Rf8 19. Be2 h5 20. Qg5 Qe7 21.
e6 fxe6 22. Qxg6+ Kd8 23. Rxf8+ Qxf8 24. Rf1 Qd6 25. Bxh5 Kc7 26. Rf7 Rd8 27.
Kg2 Kb6 28. c3 c5 29. Bg4 cxd4 30. cxd4 Re8 31. Rg7 Rc8 32. Qxe6 Rc2+ 33. Kh3
Qxe6 34. Bxe6 Nf6 35. Rg6 Rf2 36. Bxd5 Kc7 1-0

[Event "2nd Gideon Japhet Mem Op"]
[Site "Jerusalem ISR"]
[Date "2014.07.23"]
[Round "8.11"]
[White "Malisov, Boris"]
[Black "Gershkowich, David"]
[Result "1/2-1/2"]
[BlackTitle "FM"]
[WhiteElo "2264"]
[BlackElo "2146"]
[WhiteFideId "2802503"]
[BlackFideId "2803356"]
[EventDate "2014.07.16"]

1. e4 e5 2. Bc4 Nf6 3. d3 c6 4. Nf3 d5 5. exd5 cxd5 6. Bb5+ Bd7 7. Bxd7+ Nbxd7
8. O-O Qc7 9. Re1 Bb4 10. c3 Bd6 11. Nbd2 O-O 12. Nf1 e4 13. Nd4 a6 14. dxe4
dxe4 15. Bg5 Rfe8 16. Qd2 Be5 17. Ng3 h6 18. Bxf6 Nxf6 19. Ndf5 Bf4 20. Qe2 g6
21. Ne3 h5 22. Ngf1 Rad8 23. Rad1 Qa5 24. a3 Qg5 25. Rxd8 Rxd8 26. Rd1 Rxd1 27.
Qxd1 Qa5 28. Qd4 Kg7 29. h3 Qb5 30. Nc4 h4 31. Nfe3 Bxe3 32. fxe3 Qd5 33. Nd6
Qc6 34. c4 b5 35. cxb5 axb5 36. b3 Qc1+ 37. Kh2 Qc7 38. Qe5 Qc6 39. b4 Qd5 40.
Qd4 Qe6 41. Nxb5 Kg8 42. a4 Qf5 43. Nd6 Qg5 44. Qd2 Nh5 45. Nc4 Qf6 46. Qe1 Qc6
47. Nd2 Qd6+ 48. Kg1 Qxb4 49. Nf3 Qxa4 50. Nxh4 Qc2 51. g4 Ng7 52. Ng2 Ne6 53.
h4 Qb2 54. Qg3 1/2-1/2

[Event "2nd Gideon Japhet Mem Op"]
[Site "Jerusalem ISR"]
[Date "2014.07.23"]
[Round "8.12"]
[White "Kali, Omer"]
[Black "Zaltz, Dov"]
[Result "0-1"]
[WhiteElo "2025"]
[BlackElo "2254"]
[WhiteFideId "2812436"]
[BlackFideId "2800578"]
[EventDate "2014.07.16"]

1. e4 c5 2. Nf3 Nc6 3. Bb5 g6 4. c3 a6 5. Ba4 Nf6 6. e5 Nd5 7. Bb3 Nc7 8. d4
cxd4 9. cxd4 Bg7 10. O-O O-O 11. Bf4 d6 12. exd6 exd6 13. h3 Na5 14. Bc2 Ne6 15.
Bd2 Nc4 16. Bc3 Nf4 17. Nbd2 Be6 18. b3 Na3 19. Rc1 Nxc2 20. Rxc2 Bf5 21. Nc4
Bxc2 22. Qxc2 b5 23. Ne3 Rc8 24. Kh1 b4 25. Qe4 bxc3 26. Qxf4 Qa5 27. a4 Rfe8
28. Ng5 Re7 29. Ne4 Bxd4 30. Nxd6 Be5 31. Qg5 f6 32. Nxc8 fxg5 33. Nxe7+ Kf7 34.
Nc6 Qc5 35. Nxe5+ Qxe5 36. Rc1 Qd4 37. Kg1 Qd2 38. Rc2 Qe1+ 39. Kh2 Qa1 40. Kg3
Qb2 41. Kf3 Qxb3 42. Ke2 Qxa4 43. Rxc3 h5 44. Kf3 Ke6 45. g3 Qb5 46. Kg2 a5 47.
Nc2 Qd5+ 48. Kg1 a4 49. Na3 Qd4 50. Re3+ Kd5 51. Kg2 Kc5 52. Re8 Qd5+ 53. Kg1
Qd7 54. Re4 Qd1+ 55. Kh2 Qf3 56. Rxa4 Qxf2+ 57. Kh1 Qe1+ 58. Kh2 Qe2+ 0-1

[Event "2nd Gideon Japhet Mem Op"]
[Site "Jerusalem ISR"]
[Date "2014.07.23"]
[Round "8.13"]
[White "Shohat, Yotam"]
[Black "Gamayev, Oleg"]
[Result "1/2-1/2"]
[WhiteElo "1880"]
[BlackElo "2181"]
[WhiteFideId "2813955"]
[BlackFideId "2802813"]
[EventDate "2014.07.16"]

1. e4 d6 2. d4 Nf6 3. Nc3 e5 4. Nge2 exd4 5. Nxd4 Be7 6. g3 O-O 7. Bg2 Re8 8.
O-O Bf8 9. h3 c6 10. a4 Qc7 11. Re1 Nbd7 12. b3 Rb8 13. Bb2 a6 14. a5 c5 15. Nf5
b5 16. axb6 Nxb6 17. Ne3 Bb7 18. Ncd5 Nfxd5 19. exd5 Bc8 20. c4 Bd7 21. Bc3 Qb7
22. Ra3 Bc8 23. g4 Qc7 24. Bf1 Qd8 25. Bd3 g6 26. Qa1 Nd7 27. f4 Qh4 28. Kg2 Bb7
29. Re2 Bh6 30. Be1 Qd8 31. Bg3 Bg7 32. Qe1 Nf8 33. g5 Ne6 34. Ng4 Nc7 35. Kh2
Rxe2+ 36. Qxe2 Ne8 37. h4 Bc8 38. f5 gxf5 39. Nh6+ Bxh6 40. gxh6 f4 41. Bxf4
Qxh4+ 42. Kg1 Bg4 43. Qe3 Nc7 44. Bxd6 Re8 45. Qg3 Qxg3+ 46. Bxg3 Nxd5 47. cxd5
Re3 48. Rxa6 Rxg3+ 49. Kf2 Rf3+ 50. Kg2 f5 51. Bc4 Kf7 52. d6+ Kf6 53. d7+ Ke7
54. Bb5 f4 55. Ra8 Rg3+ 56. Kf2 Rf3+ 57. Ke1 Bxd7 58. Ra7 Rxb3 59. Bxd7 Kf6 60.
Ra6+ Kg5 61. Rc6 Re3+ 62. Kf2 Re5 63. Bh3 Rd5 64. Bg2 Rd2+ 65. Kf3 Rd3+ 66. Ke2
Re3+ 67. Kf2 Re5 68. Bf3 Rf5 69. Be4 Rf6 70. Rxf6 Kxf6 71. Bxh7 Kg5 72. Kf3 1/2-1/2

[Event "2nd Gideon Japhet Mem Op"]
[Site "Jerusalem ISR"]
[Date "2014.07.23"]
[Round "8.14"]
[White "Gukhvat, Peter"]
[Black "Parkhov, Yair"]
[Result "1-0"]
[WhiteElo "2255"]
[BlackElo "1935"]
[WhiteFideId "2805090"]
[BlackFideId "2813408"]
[EventDate "2014.07.16"]

1. d4 e6 2. e4 d5 3. Nd2 c5 4. exd5 Qxd5 5. Ngf3 cxd4 6. Bc4 Qd6 7. O-O Nf6 8.
Nb3 Nc6 9. Nbxd4 Nxd4 10. Qxd4 Qxd4 11. Nxd4 Bd7 12. Be2 e5 13. Nb3 Rc8 14. c3
Bd6 15. Be3 b6 16. Rad1 Ke7 17. Rfe1 Be6 18. Bg5 Rhd8 19. Ba6 Rb8 20. f4 exf4
21. Nd4 Bc5 22. Bxf4 Bxd4+ 23. cxd4 Nd5 24. Bxb8 Rxb8 25. Bc4 Kd6 26. Bxd5 Bxd5
27. b3 Rd8 28. Kf2 a5 29. g3 Ra8 30. Re3 Rc8 31. Rd2 Kd7 32. Rde2 Be6 33. Re5
Kd6 34. Rb5 Rb8 35. Rh5 h6 36. Rhe5 Rc8 37. Ke1 Ra8 38. Kd2 Rc8 39. Re1 Ra8 40.
Rc1 Bd7 41. Rce1 Be6 42. d5 Bxd5 43. Re8 Ra7 44. Rd8+ Rd7 45. Rxd7+ Kxd7 46. Kc3
Be6 47. a3 Kc6 48. b4 a4 49. Kd4 Kd6 50. Rc1 Bd7 51. Kc4 b5+ 52. Kd4 Bc6 53. Rc5
f6 54. h4 g6 55. Rc2 Bd7 56. Rf2 f5 57. Rc2 Bc6 58. Rc5 Bd7 59. Rd5+ Ke6 60. Kc5
Be8 61. Rd1 Kf6 62. Re1 Kf7 63. Kd6 Kf8 64. Re7 Bc6 65. Rc7 Be4 66. Ke6 Bd3 67.
Kf6 Ke8 68. Rg7 g5 69. hxg5 hxg5 70. Rxg5 Kd7 71. Rxf5 Bxf5 72. Kxf5 Kd6 73. Ke4 1-0

[Event "2nd Gideon Japhet Mem Op"]
[Site "Jerusalem ISR"]
[Date "2014.07.23"]
[Round "8.15"]
[White "Slonimskij, Arkadij"]
[Black "Kerner, Michael"]
[Result "0-1"]
[WhiteElo "2207"]
[BlackElo "2034"]
[WhiteFideId "4113420"]
[BlackFideId "2814064"]
[EventDate "2014.07.16"]

1. d4 Nf6 2. c4 g6 3. Nc3 d5 4. cxd5 Nxd5 5. Bd2 Bg7 6. e4 Nxc3 7. Bxc3 O-O 8.
Nf3 c5 9. d5 Bg4 10. Be2 e6 11. Bxg7 Kxg7 12. O-O exd5 13. exd5 Bxf3 14. Bxf3
Qd6 15. Qb3 b6 16. Rfe1 Nd7 17. g3 Nf6 18. Qa4 Rfd8 19. Qc4 Rd7 20. a3 h5 21.
Re2 Re8 22. Rd2 Re5 23. Rad1 Rde7 24. Kg2 g5 25. h3 g4 26. hxg4 hxg4 27. Bxg4
Re4 28. Qc3 Rxg4 29. Rh1 Qe5 30. Qc1 Rg6 31. d6 Rd7 32. Qd1 Qe4+ 33. Kg1 Qg4 34.
Qe1 Qg5 35. Rd3 Nh7 36. Qe4 Nf6 37. Qa8 Rh6 38. f4 Rxh1+ 39. Kxh1 Qh5+ 40. Kg1
Qe2 0-1

[Event "2nd Gideon Japhet Mem Op"]
[Site "Jerusalem ISR"]
[Date "2014.07.23"]
[Round "8.16"]
[White "Zlatin, Alexander"]
[Black "Vaisberg, Michael"]
[Result "1/2-1/2"]
[WhiteElo "1933"]
[BlackElo "2122"]
[WhiteFideId "2810549"]
[BlackFideId "2814315"]
[EventDate "2014.07.16"]

1. e4 e6 2. d4 d5 3. Nd2 Nc6 4. Ngf3 Nf6 5. e5 Nd7 6. c3 f6 7. exf6 Qxf6 8. Nb3
Bd6 9. Bg5 Qf7 10. c4 O-O 11. Be2 dxc4 12. Bxc4 Nb6 13. Bd3 Qh5 14. Bd2 e5 15.
Ng5 Qxd1+ 16. Rxd1 h6 17. Ne4 Bf5 18. Bc3 Nb4 19. Bb1 Bxe4 20. Bxe4 Nxa2 21. Bd2
exd4 22. Nxd4 Rae8 23. f3 Nb4 24. O-O Bc5 25. Bxb4 Bxb4 26. Bxb7 c5 27. Nc6 Re2
28. Nxb4 cxb4 29. Rf2 Rfe8 30. Be4 Rxf2 31. Kxf2 Re5 32. Rd4 a5 33. b3 Kf7 34.
Rd6 Re6 35. Bd5 1/2-1/2

[Event "2nd Gideon Japhet Mem Op"]
[Site "Jerusalem ISR"]
[Date "2014.07.23"]
[Round "8.17"]
[White "Altshul, Limor"]
[Black "Calabrese, Gabriel"]
[Result "0-1"]
[WhiteElo "1918"]
[BlackElo "2049"]
[WhiteFideId "2812550"]
[BlackFideId "2802350"]
[EventDate "2014.07.16"]

1. c4 f5 2. Nc3 Nf6 3. g3 d6 4. Bg2 e5 5. d3 Be7 6. e3 O-O 7. Nge2 a5 8. O-O c6
9. Bd2 Na6 10. f4 Be6 11. b3 Qb6 12. Na4 Qc7 13. a3 Nc5 14. Nxc5 dxc5 15. Bc3
exf4 16. Nxf4 Bf7 17. Qd2 Rfd8 18. Rad1 a4 19. Qb2 axb3 20. Bh3 Qd7 21. e4 Bg6
22. Nxg6 hxg6 23. exf5 b5 24. cxb5 c4 25. dxc4 Qxd1 26. Rxd1 Rxd1+ 27. Kg2 Rxa3
28. Qe2 Ra2 29. Bb2 Rb1 30. Qxe7 Rbxb2+ 31. Kg1 Rb1+ 32. Bf1 b2 33. Qd8+ Kh7 34.
fxg6+ Kh6 35. Qd2+ Kh5 36. Qe2+ Ng4 37. Qe4 Rxf1+ 38. Kxf1 Ra1+ 39. Kg2 b1=Q 0-1

[Event "2nd Gideon Japhet Mem Op"]
[Site "Jerusalem ISR"]
[Date "2014.07.23"]
[Round "8.18"]
[White "Shimonovich, Yoav"]
[Black "Bar, Aviv"]
[Result "1-0"]
[WhiteElo "2102"]
[BlackElo "2167"]
[WhiteFideId "2809702"]
[BlackFideId "2806339"]
[EventDate "2014.07.16"]

1. e4 c5 2. Nf3 d6 3. d4 cxd4 4. Nxd4 Nf6 5. Nc3 a6 6. f4 e5 7. Nf3 Qc7 8. Bd3
Be7 9. O-O O-O 10. Kh1 Be6 11. Qe2 Re8 12. f5 Bd7 13. Nd5 Nxd5 14. exd5 Bf6 15.
Qe4 h6 16. g4 Nc6 17. g5 hxg5 18. Nxg5 Qb6 19. Be3 Qb4 20. c4 Kf8 21. a3 Qa5 22.
b4 Qd8 23. Nh7+ Ke7 24. Bg5 Rh8 25. Nxf6 gxf6 26. Bh4 Qg8 27. Rae1 Qh7 28. Bg3
Rag8 29. Qg2 Nd4 30. c5 Bxf5 31. cxd6+ Kd7 32. Bxf5+ Nxf5 33. Rf3 Nh4 34. Qh3+
Nf5 35. Qxf5+ Qxf5 36. Rxf5 Rxg3 37. Rxf6 Rxa3 38. Rxe5 Ra1+ 39. Kg2 Rg8+ 40.
Kf2 Ra2+ 41. Ke3 Rg6 42. Re7+ Kd8 43. Rfxf7 Rxd6 44. Rxb7 Kc8 45. Rfc7+ Kd8 46.
Rh7 Kc8 47. Ra7 Kb8 48. Rae7 Kc8 49. Re8+ 1-0

[Event "2nd Gideon Japhet Mem Op"]
[Site "Jerusalem ISR"]
[Date "2014.07.23"]
[Round "8.19"]
[White "Klar, Nir"]
[Black "Kraus, Yair"]
[Result "0-1"]
[WhiteElo "2064"]
[BlackElo "2102"]
[WhiteFideId "2808471"]
[BlackFideId "2804786"]
[EventDate "2014.07.16"]

1. e4 c5 2. Nf3 e6 3. d4 cxd4 4. Nxd4 Nf6 5. Nc3 d6 6. g4 h6 7. Rg1 Nc6 8. h4 h5
9. gxh5 Nxh5 10. Bg5 Nf6 11. Qd2 Qb6 12. Nb3 a6 13. O-O-O Qc7 14. Bg2 Bd7 15. f4
Nh7 16. f5 Ne5 17. Nd4 Nxg5 18. hxg5 g6 19. Rh1 Rxh1 20. Rxh1 O-O-O 21. Bh3 Re8
22. Rf1 Bg7 23. Nce2 Nc4 24. Qd3 exf5 25. exf5 Re3 26. f6 Bf8 27. Bxd7+ Kxd7 28.
Qd1 d5 29. Nb3 Qe5 30. Ned4 Qxg5 31. Kb1 Bd6 32. Nf5 Rxb3 33. Qxd5 Rxb2+ 34. Ka1
Qxf6 35. c3 Qxc3 36. Qxf7+ Kc6 37. Qe8+ Kb6 0-1